Score 0/15 Timer 03:00
1 Play Today
Question Answer Wrong Answers
A gift associated with this holiday is a bouquet of red roses Valentines
92.6%
Groundhog
1.2%
Waitangi
0.3%
An individual associated with this holiday is Cupid Valentines
92%
Groundhog
1.9%
Waitangi
0.7%
Second largest card giving day of the year Valentines
91.3%
Groundhog
1.7%
Waitangi
1%
Commemorates an 1840 treaty between the British and the Māori Waitangi
90.9%
Groundhog
2.1%
Valentines
1.7%
Celebrated on the 14th Valentines
90.9%
Groundhog
1.7%
Waitangi
1%
Celebrations include a naval salute and the Ngatokimatawhaorua, perhaps the world’s largest ceremonial waka (war canoe) Waitangi
90.8%
Groundhog
2.2%
Valentines
0.9%
Shares its name with a 1993 Bill Murray comedy Groundhog
89.9%
Valentines
2.6%
Waitangi
1.9%
Predicts if there will be an early spring or 6 more weeks of winter Groundhog
89.6%
Valentines
1.5%
Waitangi
2.9%
Named after a saint Valentines
89.6%
Groundhog
2.1%
Waitangi
2.2%
Primarily celebrated in New Zealand Waitangi
89.4%
Groundhog
2.6%
Valentines
1.7%
Festivities take place primarily in Pennsylvania Groundhog
86.8%
Valentines
1.4%
Waitangi
5.8%
Faces controversy from some activist groups, such as Ngā Tamatoa Waitangi
86.6%
Groundhog
5.3%
Valentines
2.2%
A key individual associated with this holiday is Punxsutawney Phil Groundhog
84.9%
Valentines
1.7%
Waitangi
7.4%
Celebrated on the 2nd Groundhog
84.9%
Valentines
1.5%
Waitangi
7.9%
Celebrated on the 6th Waitangi
78.4%
Groundhog
14.6%
Valentines
1.4%

You're not logged in!

Compare scores with friends on all Sporcle quizzes.
OR
Log In

Sporcle TV

Today on Sporcle TV


Watch our educational content, quiz creation guides, and fun videos on Sporcle TV.

Show Comments

Extras

Top Quizzes Today


Score Distribution

Paid Content

Your Account Isn't Verified!

In order to create a playlist on Sporcle, you need to verify the email address you used during registration. Go to your Sporcle Settings to finish the process.

Report this User

Report this user for behavior that violates our Community Guidelines.

Details: